Food and fitness : (Record no. 480249)
[ view plain ]
| 000 -LEADER | |
|---|---|
| fixed length control field | 01046fam a2200337 a 4500 |
| 001 - CONTROL NUMBER | |
| control field | 4056036 |
| 003 - CONTROL NUMBER IDENTIFIER | |
| control field | ASAB |
| 005 - DATE AND TIME OF LATEST TRANSACTION | |
| control field | 20180827062701.0 |
| 008 - FIXED-LENGTH DATA ELEMENTS--GENERAL INFORMATION | |
| fixed length control field | 960812s1997 enka e 000 0 eng |
| 010 ## - LIBRARY OF CONGRESS CONTROL NUMBER | |
| LC control number | 96038381 |
| 020 ## - INTERNATIONAL STANDARD BOOK NUMBER | |
| International Standard Book Number | 0198631472 |
| 035 ## - SYSTEM CONTROL NUMBER | |
| System control number | (OCoLC)35285444 |
| 035 ## - SYSTEM CONTROL NUMBER | |
| System control number | (OCoLC)ocm35285444 |
| 035 ## - SYSTEM CONTROL NUMBER | |
| System control number | (NNC)4056036 |
| 040 ## - CATALOGING SOURCE | |
| Original cataloging agency | DLC |
| Transcribing agency | ASAB |
| Modifying agency | NNC-M |
| 050 00 - LIBRARY OF CONGRESS CALL NUMBER | |
| Classification number | RA784 |
| Item number | .K397 1997 |
| 082 00 - DEWEY DECIMAL CLASSIFICATION NUMBER | |
| Classification number | 613.7/03 |
| Edition number | 20 |
| 100 1# - MAIN ENTRY--PERSONAL NAME | |
| Personal name | Kent, Michael, |
| Dates associated with a name | 1950- |
| 9 (RLIN) | 2176 |
| 245 10 - TITLE STATEMENT | |
| Title | Food and fitness : |
| Remainder of title | a dictionary of diet and exercise / |
| Statement of responsibility, etc. | Michael Kent. |
| 260 ## - PUBLICATION, DISTRIBUTION, ETC. | |
| Place of publication, distribution, etc. | Oxford, [England] ; |
| -- | New York : |
| Name of publisher, distributor, etc. | Oxford University Press, |
| Date of publication, distribution, etc. | 1997. |
| 300 ## - PHYSICAL DESCRIPTION | |
| Extent | 377 p. : |
| Other physical details | ill. ; |
| Dimensions | 23 cm. |
| 650 #0 - SUBJECT ADDED ENTRY--TOPICAL TERM | |
| Topical term or geographic name entry element | Nutrition |
| Form subdivision | Encyclopedias. |
| 9 (RLIN) | 2177 |
| 650 #0 - SUBJECT ADDED ENTRY--TOPICAL TERM | |
| Topical term or geographic name entry element | Exercise |
| Form subdivision | Encyclopedias. |
| 9 (RLIN) | 2178 |
| 650 #0 - SUBJECT ADDED ENTRY--TOPICAL TERM | |
| Topical term or geographic name entry element | Physical fitness |
| Form subdivision | Encyclopedias. |
| 9 (RLIN) | 2179 |
| 650 #2 - SUBJECT ADDED ENTRY--TOPICAL TERM | |
| Topical term or geographic name entry element | Nutritional Physiological Phenomena. |
| 9 (RLIN) | 2180 |
| 650 #2 - SUBJECT ADDED ENTRY--TOPICAL TERM | |
| Topical term or geographic name entry element | Exercise. |
| 9 (RLIN) | 2181 |
| 650 #2 - SUBJECT ADDED ENTRY--TOPICAL TERM | |
| Topical term or geographic name entry element | Physical Fitness. |
| 9 (RLIN) | 2182 |
| 655 #7 - INDEX TERM--GENRE/FORM | |
| Genre/form data or focus term | Encyclopedias. |
| Source of term | mesh |
| 9 (RLIN) | 2183 |
| 942 ## - ADDED ENTRY ELEMENTS (KOHA) | |
| Source of classification or shelving scheme | |
| Koha item type | Book |
| Withdrawn status | Lost status | Source of classification or shelving scheme | Damaged status | Not for loan | Collection code | Permanent Location | Current Location | Date acquired | Total Checkouts | Full call number | Barcode | Date last seen | Price effective from | Koha item type |
|---|---|---|---|---|---|---|---|---|---|---|---|---|---|---|
| Atta-ur-Rahman School of Applied Biosciences (ASAB) | Atta-ur-Rahman School of Applied Biosciences (ASAB) | 11/04/2016 | 613.7 KEN | ASAB2021 | 05/03/2017 | 11/04/2016 | Book |
